Využitie separačných metód na stanovenie interkonverznej energetickej bariéry enantiomérov

Na minha lista:
Detalhes bibliográficos
Autor principal: Oswald, Peter, 1946-
Formato: Livro
Idioma:eslovaco
Publicado em: Bratislava STU FCHPT v Bratislave 2005
Assuntos:
Acesso em linha:View in OPAC
Tags: Adicionar Tag
Sem tags, seja o primeiro a adicionar uma tag!

MARC

LEADER 00000nam a2200000 a 4500
005 20260127133935.0
008 070227 2005 xo 000 0 slo d
035 |a vtls008949845 
039 9 |a 201801011534  |b AUTHORITY  |c 201801011532  |d AUTHORITY  |c 201801011530  |d csnk01  |c 200702271338  |d mschk03  |y 200702271337  |z mschk03 
040 |a STUSCHK1  |b slo  |c STUSCHK1  |e AACR2 
100 1 |a Oswald, Peter,  |d 1946-  |9 1 
245 1 |a Využitie separačných metód na stanovenie interkonverznej energetickej bariéry enantiomérov  |c Peter Oswald 
260 |a Bratislava  |b STU FCHPT v Bratislave  |c 2005 
300 |a 29 s. : il. 
500 |a FCHPT Katedra analytickej chémie 
500 |a Obháj.: 11.5. 2006 
650 0 |a separačné metódy 
650 0 |a chirálne liečiva 
910 |a SCHK95 
999 |c 507  |d 507